| 000 | 00615nam a2200217Ia 4500 | ||
|---|---|---|---|
| 999 |
_c1129 _d1129 |
||
| 001 | 51962673 | ||
| 003 | OCoLC | ||
| 005 | 20180904162956.0 | ||
| 008 | 030402u19601999is ach 000 0beng d | ||
| 040 |
_aWAL _cWAL |
||
| 082 |
_a266 _bB456O |
||
| 090 |
_aDS126.5 _b.B45 |
||
| 100 | 1 | _aBen-Hanan, Eli. | |
| 245 | 1 | 0 |
_aOur man in Damascus : _bElie Cohn / _cEli Ben-Hanan. |
| 260 |
_aBnai Brak (Israel) : _bSteimatzky, 19--. |
||
| 300 |
_a143 p. : _bill. ; _c23 cm. |
||
| 600 | 1 | 0 |
_aCohen, Eliahou Ben Shaul, _d1924-1965. |
| 650 | 0 |
_aEspionage, Israeli _zSyria. |
|
| 650 | 0 |
_aSpies _zIsrael _vBiography. |
|
| 942 |
_2ddc _cBK |
||